000 01259nam a2200325 i 4500
001 000021863
003 DO-SdBNP
005 20260305073950.0
007 ta
008 100914s1971 dr 000 0 spa d
040 _aDO-SdBNP
_bspa
_cBNPHU
_erda
082 4 _a972.9302
_bM938e
_222
100 1 _aMoya Pons, Frank,
_d1944-
_eautor
_92095
245 1 3 _aLa Española en el siglo XVI 1493-1520 :
_btrabajo, sociedad y política en la economía del oro /
_cFrank Moya Pons.
264 1 _aSantiago de los Caballeros, República Dominicana :
_bUniversidad Católica Madre y Maestra,
_c1971.
300 _a367 p.áginas ;
_c21 cm.
336 _2rdacontent
_atexto
_btxt
337 _2rdamedia
_asin meditación
_bn
338 _2rdacarrier
_avolumen
_bnc
490 0 _aEstudios ;
_v10
500 _aIncluye notas al pie de páginas e índice de nombres, lugares y materias.
504 _aBibliografía : p. 341-348
590 _aInventariado, 2023/BT
651 4 _aHaiti
_xHistoria
_yHata 1791
_984298
651 0 _aRepública Dominicana --
_xHistoria --
_yHasta, 1844
_9138
651 4 _2
_aEspaña
_xColonias
_zAmérica
_xAdministración
_915196
710 2 _aPontificia Universidad Católica Madre y Maestra
_9843
910 _aBtavárez
942 _2ddc
_cLBS1
999 _c21361
_d21361